Napoje firmy Pepsi - Statystyki

Ogólne statystyki
  • Ten quiz został rozwiązany 78 razy
  • Średni wynik to 4 z 8
Statystyki odpowiedzi
Napoje % Poprawnych
Pepsi
97%
Mirinda
85%
7up
74%
Mountain Dew
46%
Lipton
38%
Rockstar
19%
Toma
16%
Krystaliczne źródło
10%
Nie znaleziono quizów pasujących do podanych kryteriów
Rozkład punktacji
Procent ludzi z każdym wynikiem
Percentyl według liczby udzielonych odpowiedzi
Twoja historia wyników
Nie rozwiązałeś tego quizu